Представление документа в формате MARC21

ПолеНазваниеЗначение
  Тип записи a
  Библиографический уровень m
001 Контрольный номер RU\infra-m\znanium\bibl\2226798
005 Дата корректировки 20260429142110.9
008 Кодируемые данные 250919s2025 RU g rus u
020 Индекс ISBN __
a ISBN 978-5-9729-2428-8
040 Источник каталогиз. __
a Служба первич. каталог. Общество с ограниченной ответственностью «ЗНАНИУМ»
041 Код языка издания __
a Код языка текста rus
044 Код страны публикации __
a Код страны публикации RU
080 Индекс УДК __
a Индекс УДК 577
084 Индекс другой классификации/Индекс ББК __
2 Источник индекса rubbk
a Индекс другой классификации/Индекс ББК 280
084 Индекс другой классификации/Индекс ББК __
2 Источник индекса okso
a Индекс другой классификации/Индекс ББК 44.03.05
100 Автор __
a Автор Ямашкин С.А.
q Полное имя Ямашкин Семен Александрович
u Дополнение Мордовский Государственный Педагогический Университет имени М. Е. Евсевьева
245 Заглавие __
a Заглавие Вопросы биологической химии с элементами биоорганической химии. Статическая биохимия
b Продолж. заглавия Учебное пособие
c Ответственность Мордовский Государственный Педагогический Университет имени М. Е. Евсевьева; Мордовский Государственный Педагогический Университет имени М. Е. Евсевьева
250 Сведения об издании __
a Основные сведения об издании 1
260 Выходные данные __
a Место издания Вологда
b Издательство Инфра-Инженерия
c Дата издания 2025
300 Физическое описание __
a Объем 136 с.
520 Аннотация __
a Аннотация Рассматриваются место локализации биологическая функция классификация элементный и химический состав строение каждого из перечисленных классов (групп) природных соединений. Для объяснения особенностей образования и существования тонкого строения молекул белков углеводов нуклеиновых кислот используются подходы современной теоретической органической и неорганической химии. Некоторое внимание уделяется вопросам биоорганической химии и особенно проблеме синтеза белковых аминокислот витаминов вне организма. Для студентов обучающихся по направлению 44.03.05 «Педагогическое образование» профилю «Биология» а также для магистрантов аспирантов изучающих общую биологическую химию биоорганическую химию учителей биологии - химии.
521 Примеч. о цел. назн. __
a Примеч. о целев. назн. ВО - Бакалавриат
650 Тематические рубрики __
a Основная рубрика Биологические науки
x Основная подрубрика Молекулярная биология. Общая морфология, биофизика, биохимия, физиология
655 Указ. предметных рубрик (устаревшее) __
a Жанр/ форма (устаревшее) Учебное пособие
700 Другие авторы __
a Другие авторы Степаненко И.С.
q Полное имя Степаненко Ирина Семеновна
u Дополнение Волгоградский государственный медицинский университет
856 Электронный адрес документа 4_
a Имя сервера/домена znanium.ru
m Помощь ebs_support@infra-m.ru
n Местонахождение сервера НИЦ ИНФРА-М
u URL https://znanium.ru/catalog/document?id=470141
856 Электронный адрес документа 48
a Имя сервера/домена znanium.ru
d Путь /cover/2226
f Электронное имя 2226798.jpg
q Тип электронного формата image/jpeg
u URL https://znanium.ru/cover/2226/2226798.jpg
911 __
u 0030=https://znanium.ru/catalog/document?id=470141
911 __
u 712a=Мордовский Государственный Педагогический Университет имени М. Е. Евсевьева